Catálogo
 En Linea

Jesús nació en un cafetal y María Magdalena se redime / (Registro nro. 44240)

Detalles MARC
000 -CABECERA
campo de control de longitud fija 00717nam a2200181 a 4500
001 - NÚMERO DE CONTROL
campo de control 000044751
005 - FECHA Y HORA DE LA ÚLTIMA TRANSACCIÓN
campo de control 20241015091655.0
008 - DATOS DE LONGITUD FIJA--INFORMACIÓN GENERAL
campo de control de longitud fija 150109d2014 dr a 000 0 spa d
020 ## - NÚMERO INTERNACIONAL ESTÁNDAR DEL LIBRO
Número Internacional Estándar del Libro 9789945891232
040 ## - FUENTE DE LA CATALOGACIÓN
Centro catalogador/agencia de origen DO-SdBNP
Lengua de catalogación spa
Centro/agencia transcriptor BNPHU
082 ## - NÚMERO DE LA CLASIFICACIÓN DECIMAL DEWEY
Número de clasificación xxxxxx
Número de documento/Ítem xxxxxx
100 1# - ENTRADA PRINCIPAL--NOMBRE DE PERSONA
Nombre de persona Armenteros, Ernesto J.
9 (RLIN) 26330
245 10 - MENCIÓN DE TÍTULO
Título Jesús nació en un cafetal y María Magdalena se redime /
Mención de responsabilidad, etc. Ernesto J. Armenteros; prólogo Fabio J. Guzmán Ariza; revisión y gestión editorial Ruth J. Ruiz Pérez.
260 ## - PUBLICACIÓN, DISTRIBUCIÓN, ETC.
Lugar de publicación, distribución, etc. Santo Domingo :
Nombre del editor, distribuidor, etc. Corripio,
Fecha de publicación, distribución, etc. 2014.
300 ## - DESCRIPCIÓN FÍSICA
Extensión 143 p. :
Otras características físicas il. ;
Dimensiones 23 cm.
700 1# - PUNTO DE ACCESO ADICIONAL--NOMBRE DE PERSONA
Nombre de persona Guzmán A., Fabio J.
Forma completa/desarrollada del nombre (Fabio José Guzmán Ariza),
Fechas asociadas al nombre 1949-
Término indicativo de función/relación pról.
9 (RLIN) 30896
700 1# - PUNTO DE ACCESO ADICIONAL--NOMBRE DE PERSONA
Nombre de persona Ruiz Pérez, Ruth J.
Término indicativo de función/relación rev.
9 (RLIN) 72754
Existencias
Estado de retiro Estado de pérdida Restricciones de uso No para préstamo Código de colección Localización permanente Ubicación/localización actual Ubicación en estantería Fecha de adquisición Número de inventario Total de préstamos Signatura topográfica completa Código de barras Fecha visto por última vez Número de copia Precio válido a partir de Tipo de ítem Koha
        Dominicana de Servicio General General Depósito 09.01.2015 LF1   xxxxxx xxxxxx 44751-30 25.06.2020 e. 3 25.06.2020 Libro y Folleto Colección Dominicana de Servicio
      Excluido de préstamo Patrimonio Dominicano Patrimonio Dominicano Patrimonio Dominicano Depósito 09.01.2015 LF1   xxxxxx xxxxxx 44751-10 25.06.2020   25.06.2020 Libro y Folleto Colección Patrimonio Dominicano
      Excluido de préstamo Patrimonio Dominicano Patrimonio Dominicano Patrimonio Dominicano Depósito 09.01.2015 LF1   xxxxxx xxxxxx 44751-20 25.06.2020 e. 2 25.06.2020 Libro y Folleto Colección Patrimonio Dominicano

Con tecnología Koha